Statistics for Payphone - Maroon 5 Feat. Wiz Khalifa - All Lyrics

Click here to take the quiz!

General Stats

  • This quiz has been taken 171 times
  • The average score is 410 of 555

Answer Stats

Answer% Correct
a
100%
I,
100%
I
100%
payphone,
100%
payphone
100%
the
100%
I'm
99%
oh
99%
to
99%
call
98%
try?
98%
You
98%
you
98%
all
96%
All
96%
at
96%
my
96%
on
96%
the
96%
tryin'
96%
home
95%
in
95%
of
95%
me
94%
me,
94%
time
94%
it
93%
we
93%
Where
93%
be
92%
go
91%
are
90%
Baby,
90%
it's
90%
It’s
90%
change
88%
for
88%
spent
88%
gone?
85%
love
85%
Made
85%
made
85%
that
83%
times
83%
plans
82%
two?
82%
used
82%
wrong
82%
hard
81%
know
81%
remember
80%
was
80%
but
79%
But
79%
even
79%
have
77%
is
77%
people
77%
when
77%
Yeah,
77%
too
76%
your
76%
Now,
75%
now
75%
Now
75%
now,
75%
paradise
74%
late
73%
next
73%
not
72%
still
72%
Still
72%
sun
72%
this
72%
did
71%
make
71%
And
70%
and
70%
you're
70%
ever
69%
harder
69%
here
69%
I'll
69%
picture
69%
sets
69%
So
69%
so
69%
wasted
69%
fuck
66%
If
66%
like
66%
paralyzed
66%
shit
66%
stuck
66%
who
66%
after
65%
lights
65%
turned
65%
called
64%
say
64%
happy
63%
holdin'
63%
bridges
62%
out
62%
exist
61%
fuckin'
61%
I've
61%
full
60%
our
59%
would
59%
fairytales
58%
One
58%
sick,
58%
sick
58%
those
58%
down
55%
more
55%
song,
55%
burned
50%
nights
50%
back
48%
tomorrow
45%
these
44%
what
44%
'cause
42%
away
41%
away,
41%
said
41%
gave
40%
can
39%
just
39%
with
39%
yesterday
39%
don't
37%
Don’t
37%
Man,
37%
fine
36%
before
34%
borrow,
34%
can't
34%
forgot
34%
Had
34%
could
33%
coulda
33%
could've
33%
expect
33%
see
32%
care
31%
money
31%
up
31%
up,
31%
from
30%
Or
29%
or
29%
got
28%
nothin'
28%
why
28%
spendin'
27%
last
26%
never
26%
they
26%
while
26%
push
25%
Swish,
25%
tell
25%
want
25%
button
24%
good
24%
phone
24%
bottom,
23%
came
23%
open
23%
shot
23%
sittin'
23%
take
23%
piece
22%
'round
22%
shame,
22%
chances
21%
doors
21%
I'd
21%
little
21%
over
21%
top
21%
number
20%
Switched
20%
wasn't
20%
Wondering
20%
looking
19%
stuntin'
19%
cars
18%
game,
18%
missed
18%
name
18%
picked
18%
really
18%
saw,
18%
talk
18%
sad
17%
about
16%
after's
16%
blew
16%
whatever
16%
ballin'
15%
need
15%
shirt,
15%
start
15%
Telling
15%
valet
15%
Wished
15%
Phantom
12%
pulled
10%

Score Distribution

Percentile by Number Answered

Percent of People with Each Score

Your Score History

You have not taken this quiz